000 00920nas a2200313 4500
001 BR0707920
003 BR-BrBNA
005 20231205111408.0
007 ta
008 230509b bl.|||p| |||| 00| 00por d
040 _aBR-BrBNA
_bpor
_cBiblioteca Nacional de Agricultura
041 _a(Pt)
072 _aL70
100 1 _aBorges, A.P.B.
100 1 _aArmenio, C.
100 1 _aViana, J.A.
100 1 _aDonzele, J.L.
100 1 _aVital, C.C.
100 1 _aFontes, E.B.
100 1 _aCarvalho, T.B.
100 1 _aSena, M.P.T. de
245 1 _aTécnica cirúrgica para implantação de cânula em forma de T, de diferentes materiais, no íleo terminal do cão
650 _aCÃO
650 _aCIRURGIA
650 _aÍLEO
773 0 _tRevista Ceres (Brazil)
_xISSN 0034-737X
_g(May-Jun 2006), v. 53(307) p. 328-334
_wBR0707920
909 _a202311
_bLúcia
_c55
_dLúcia Elande
942 _2AGRIS
_n0
_cANA
999 _c192470
_d192470